| 000 | 00827nam a2200229 i 4500 | ||
|---|---|---|---|
| 001 | 8446 | ||
| 003 | ES-MaACL | ||
| 005 | 20230906145447.0 | ||
| 007 | t| | ||
| 008 | 920617s1990 sp ||||1| spa d | ||
| 020 | _a0-226-41582-1 | ||
| 020 | _a0-226-4185-6 | ||
| 080 | _a53(09) | ||
| 100 | 1 |
_aJungnickel, Christa. _967302 |
|
| 245 | 1 | 0 |
_aIntellectual mastery of nature _b: theoretical physics from Ohm to Einstein / _cChrista Jungnickel and Rusell McCormmach. |
| 260 |
_aChicago and London : _bThe University of Chicago Press, _c1990. |
||
| 300 |
_a2 v. : _bil ; _c24 cm. |
||
| 505 | 8 | _aVol. 1º : The torch of mathematics 1800-1870.-- Vol. 2º : The now mighty theoretical phisics 1870-1925 | |
| 650 | 1 | 4 |
_aFísica- _xHistoria. _912882 |
| 700 | 1 |
_aMcCormmach, Russell. _979541 |
|
| 852 |
_aES-MaACL _jL-15836-37 _bR.119657 |
||
| 999 |
_c8446 _d8446 |
||